<?xml version="1.0" encoding="UTF-8"?>
<record
    xmlns:xsi="http://www.w3.org/2001/XMLSchema-instance"
    xsi:schemaLocation="http://www.loc.gov/MARC21/slim http://www.loc.gov/standards/marcxml/schema/MARC21slim.xsd"
    xmlns="http://www.loc.gov/MARC21/slim">

  <leader>02458nam a2200349 a 4500</leader>
  <controlfield tag="001">000006773</controlfield>
  <controlfield tag="003">DO-SdBPM</controlfield>
  <controlfield tag="005">20260428131012.0</controlfield>
  <controlfield tag="007">ta</controlfield>
  <controlfield tag="008">090902s1994    dr            000 0 spa d</controlfield>
  <datafield tag="020" ind1=" " ind2=" ">
    <subfield code="a">8489536912X</subfield>
  </datafield>
  <datafield tag="040" ind1=" " ind2=" ">
    <subfield code="a">DO-SdBPM</subfield>
    <subfield code="b">spa</subfield>
    <subfield code="c">BPMSU</subfield>
    <subfield code="d">rda</subfield>
  </datafield>
  <datafield tag="082" ind1="0" ind2="4">
    <subfield code="a">801.95</subfield>
    <subfield code="b">C749p 1994</subfield>
    <subfield code="2">22</subfield>
  </datafield>
  <datafield tag="111" ind1="2" ind2=" ">
    <subfield code="a">Congreso Cr&#xED;tico de Literatura Dominicana</subfield>
    <subfield code="n">(1:</subfield>
    <subfield code="d">23 - 25 de julio de 1993 :</subfield>
    <subfield code="c">Santo Domingo)</subfield>
  </datafield>
  <datafield tag="245" ind1="1" ind2="0">
    <subfield code="a">Ponencias del Congreso Cr&#xED;tico de Literatura Dominicana /</subfield>
    <subfield code="c">editores Di&#xF3;genes C&#xE9;spedes, Soledad &#xC1;lvarez, Pedro Verg&#xE9;s.</subfield>
  </datafield>
  <datafield tag="264" ind1=" " ind2=" ">
    <subfield code="a">Santo Domingo :</subfield>
    <subfield code="b">Editora de colores,</subfield>
    <subfield code="c">1994.</subfield>
  </datafield>
  <datafield tag="300" ind1=" " ind2=" ">
    <subfield code="a">290 p&#xE1;ginas ;</subfield>
    <subfield code="c">24 cm.</subfield>
  </datafield>
  <datafield tag="336" ind1=" " ind2=" ">
    <subfield code="a">texto</subfield>
    <subfield code="b">txt</subfield>
    <subfield code="2">rdacontent</subfield>
  </datafield>
  <datafield tag="337" ind1=" " ind2=" ">
    <subfield code="a">sin mediaci&#xF3;n</subfield>
    <subfield code="b">n</subfield>
    <subfield code="2">rdamedia</subfield>
  </datafield>
  <datafield tag="338" ind1=" " ind2=" ">
    <subfield code="a">volumen</subfield>
    <subfield code="b">nc</subfield>
    <subfield code="2">rdacarrier</subfield>
  </datafield>
  <datafield tag="504" ind1=" " ind2=" ">
    <subfield code="a">Incluye referencias bibliogr&#xE1;ficas y notas al pie de las p&#xE1;ginas</subfield>
  </datafield>
  <datafield tag="505" ind1="0" ind2=" ">
    <subfield code="a">Discurso inagural de /Marcio Veloz Maggiolo -- Biblioestad&#xED;stica de la literatura dominicana 1820-1990 -- Ideolog&#xED;as y vanguardias en la literatura dominicana 1900-1930 -- Ecos del arielismo en varios textos literarios -- Las vanguardias y la identidad cultural en la literatura dominicana--La funci&#xF3;n social del escritor por la fundaci&#xF3;n social de la obra -- Poes&#xED;a y pintura dominicana dominicana. Una relaci&#xF3;n que todav&#xED;a pertenece -- La literatura y los par&#xE1;metros de "lo universal" -- El romancero en Santo Domingo -- Vidas marginadas... causas marginales -- Carater&#xED;sticas ideol&#xF3;gicas del discurso de izquierdas en nuestra literatura -- La literatura para ni&#xF1;os y j&#xF3;venes en la Rep&#xFA;blica Dominicana -- Percepci&#xF3;n de la mujer en la narrativa dominicana -- La novela trujillista -- El escritor y su lengua: l&#xED;mites y posivilidades -- La ense&#xF1;anza de la literatura en la escuela secundaria y universidad : &#xBF;valor o ideolog&#xED;a? -- Haciendo teatro -- Los escritores dominicanos o c&#xF3;mo nadar entre tiburones: un manual -- Mesa redonda en torno a la situaci&#xF3;n del escritor dominicano -- Palabras de clausura en el Congreso Cr&#xED;tico de Literatura Dominicana.</subfield>
  </datafield>
  <datafield tag="590" ind1=" " ind2=" ">
    <subfield code="a">Inventariado, 2026/ VM</subfield>
  </datafield>
  <datafield tag="650" ind1=" " ind2="7">
    <subfield code="a">Literatura dominicana</subfield>
    <subfield code="x">Historia y cr&#xED;tica</subfield>
  </datafield>
  <datafield tag="650" ind1=" " ind2="4">
    <subfield code="a">Movimientos literarios</subfield>
  </datafield>
  <datafield tag="650" ind1=" " ind2="7">
    <subfield code="a">Autores dominicanos</subfield>
    <subfield code="y">Siglo XX</subfield>
  </datafield>
  <datafield tag="700" ind1="1" ind2=" ">
    <subfield code="a">&#xC1;lvarez, Soledad</subfield>
    <subfield code="d">1950-</subfield>
    <subfield code="e">editor </subfield>
  </datafield>
  <datafield tag="700" ind1="1" ind2=" ">
    <subfield code="a">Verges, Pedro,</subfield>
    <subfield code="d">1945-</subfield>
    <subfield code="e">editor </subfield>
  </datafield>
  <datafield tag="700" ind1="1" ind2="2">
    <subfield code="a">C&#xE9;spedes, Di&#xF3;genes,</subfield>
    <subfield code="d">1941-</subfield>
    <subfield code="e">editor </subfield>
  </datafield>
  <datafield tag="910" ind1=" " ind2=" ">
    <subfield code="a">VMateo V. Control de calidad BPMSU </subfield>
  </datafield>
  <datafield tag="942" ind1=" " ind2=" ">
    <subfield code="2">ddc</subfield>
    <subfield code="c">BK</subfield>
  </datafield>
  <datafield tag="952" ind1=" " ind2=" ">
    <subfield code="0">0</subfield>
    <subfield code="1">0</subfield>
    <subfield code="2">ddc</subfield>
    <subfield code="7">0</subfield>
    <subfield code="8">CD</subfield>
    <subfield code="a">BPMET</subfield>
    <subfield code="b">BPMET</subfield>
    <subfield code="d">2026-04-28</subfield>
    <subfield code="l">0</subfield>
    <subfield code="o">BPMSU CD 801.95 C749p 1994</subfield>
    <subfield code="p">BPMSU26040047</subfield>
    <subfield code="r">2026-04-28</subfield>
    <subfield code="w">2026-04-28</subfield>
    <subfield code="y">BK</subfield>
  </datafield>
  <datafield tag="999" ind1=" " ind2=" ">
    <subfield code="c">15804</subfield>
    <subfield code="d">15804</subfield>
  </datafield>
</record>
